Embryo& Fetal Pathology. (Record no. 4083)
[ view plain ]
| 000 -LEADER | |
|---|---|
| fixed length control field | 00570nam a22001937a 4500 |
| 003 - CONTROL NUMBER IDENTIFIER | |
| control field | OSt |
| 005 - DATE AND TIME OF LATEST TRANSACTION | |
| control field | 20160517153737.0 |
| 008 - FIXED-LENGTH DATA ELEMENTS--GENERAL INFORMATION | |
| fixed length control field | 160517b xxu||||| |||| 00| 0 eng d |
| 020 ## - INTERNATIONAL STANDARD BOOK NUMBER | |
| International Standard Book Number | 0521825296. |
| 040 ## - CATALOGING SOURCE | |
| Transcribing agency | DLMN. |
| 082 ## - DEWEY DECIMAL CLASSIFICATION NUMBER | |
| Classification number | QS 617B261e 2004. |
| 100 ## - MAIN ENTRY--PERSONAL NAME | |
| Personal name | Gilbert-Barness,Enid;Debich-Spicer,Diane; |
| 9 (RLIN) | 8852 |
| 245 ## - TITLE STATEMENT | |
| Title | Embryo& Fetal Pathology. |
| Remainder of title | Color Atlas With Ultrasound Correlation. |
| 260 ## - PUBLICATION, DISTRIBUTION, ETC. (IMPRINT) | |
| Place of publication, distribution, etc. | UK. |
| Name of publisher, distributor, etc. | Cambridge University Press. |
| Date of publication, distribution, etc. | 2004. |
| 300 ## - PHYSICAL DESCRIPTION | |
| Extent | xv,711p; |
| Other physical details | col,ill: |
| Dimensions | 30cm. |
| 504 ## - BIBLIOGRAPHY, ETC. NOTE | |
| Bibliography, etc | includes index. |
| 650 ## - SUBJECT ADDED ENTRY--TOPICAL TERM | |
| Topical term or geographic name as entry element | pathology. |
| 9 (RLIN) | 37 |
| 942 ## - ADDED ENTRY ELEMENTS (KOHA) | |
| Source of classification or shelving scheme | Other/Generic Classification Scheme |
| Koha item type | Open Shelf |
| Withdrawn status | Lost status | Source of classification or shelving scheme | Damaged status | Not for loan | Home library | Current library | Date acquired | Source of acquisition | Inventory number | Total Checkouts | Full call number | Barcode | Date last seen | Price effective from | Koha item type |
|---|---|---|---|---|---|---|---|---|---|---|---|---|---|---|---|
| Other/Generic Classification Scheme | MUST Main Library | MUST Main Library | 17/05/2016 | 06/26314 | QS 617B261e 2004. | 2016-1989 | 17/05/2016 | 17/05/2016 | Open Shelf |
